000 00462nam a22001931a 4500
001 3761
003 OSt
005 20260204211903.0
008 050207s(20?||||xx ||||||b||||||||||spa||
050 _a659.1 T239e
082 _a659.1 T239e
100 _aTellis, G. J.
245 _aEstrategias de publicidad y producción / G. J. Tellis
264 _aS.l. : S.N
300 _a561 p
650 _a1.Publicidad
700 _aRedondo, IgnacioÌ
942 _2ddc
_cBK
999 _c3761
_d3761